Logical foundations of artificial intelligence /
Guardado en:
| Autor Principal: | |
|---|---|
| Otros Autores: | |
| Formato: | Libro |
| Idioma: | English |
| Publicado: |
Los Altos, Calif. :
Morgan Kaufmann,
c1987.
|
| Materias: | |
| Acceso en línea: | Publisher description Table of contents |
| Etiquetas: |
Agregar Etiqueta
Sin Etiquetas, Sea el primero en etiquetar este registro!
|
| LEADER | 01288pam a2200265 a 4500 | ||
|---|---|---|---|
| 001 | MAT.inmabb006010 | ||
| 008 | 870209s1987####caua#####b####001#0#eng## | ||
| 005 | 20160427121037.0 | ||
| 245 | 1 | 0 | |a Logical foundations of artificial intelligence / |c Michael R. Genesereth and Nils J. Nilsson. |
| 260 | |a Los Altos, Calif. : |b Morgan Kaufmann, |c c1987. | ||
| 300 | |a xviii, 405 p. : |b il. ; |c 24 cm. | ||
| 504 | |a Bibliografía: p. 363-400. | ||
| 500 | |a Incluye índice. | ||
| 505 | 0 | |a 1. Introduction -- 2. Declarative Knowledge -- 3. Inference -- 4. Resolution -- 5. Resolution Strategies -- 6. Nonmonotonic Reasoning -- 7. Induction -- 8. Reasoning with Uncertain Beliefs -- 9. Knowledge and Belief -- 10. Metaknowledge and Metareasoning -- 11. State and Change -- 12. Planning -- 13. Intelligent-Agent Architecture. | |
| 510 | 4 | |a MR, |c 90e:68001 | |
| 020 | |a 0934613311 | ||
| 100 | 1 | |a Genesereth, Michael R., |d 1948- | |
| 700 | 1 | |a Nilsson, Nils J., |d 1933- | |
| 650 | 0 | |a Artificial intelligence. | |
| 084 | |a 68T01 (03B35 03B70) |2 msc2000 | ||
| 010 | |a 87005461 | ||
| 040 | |a DLC |c DLC |d DLC | ||
| 856 | 4 | 2 | |3 Publisher description |u http://www.loc.gov/catdir/description/els032/87005461.html |
| 856 | 4 | 1 | |3 Table of contents |u http://www.loc.gov/catdir/toc/els031/87005461.html |
| 859 | |b BIB. MATEMATICA | ||
